Indira Gandhi International Airport Destinations (New Delhi, India) - Statistics

General Stats
  • This quiz has been taken 162 times
    19 since last reset
  • The average score is 88 of 154
Answer Stats
Airline Destination % Correct
Air India/KLM Amsterdam
100%
Thai AirAsia X/Thai Lion Air Bangkok (Don Mueang)
100%
Air India/IndiGo/SpiceJet/Thai Airways International Bangkok (Suvarnabhumi)
100%
Air India/British Airways/IndiGo/Virgin Atlantic London (Heathrow)
100%
Air India Express/Etihad Airways Abu Dhabi
94%
Ethiopian Airlines Addis Ababa
94%
Air India/Akasa Air/SpiceJet Ahmedabad
94%
Air Astana Almaty
94%
Royal Jordanian Amman (Queen Alia)
94%
Air India/Air India Express/Akasa Air/IndiGo/SpiceJet Bengaluru
94%
Iraqi Airways Baghdad
88%
Azerbaijan Airlines/IndiGo Baku
88%
Air China Beijing (Capital)
88%
Egyptair Cairo
88%
Air India/IndiGo/SriLankan Airlines Colombo (Bandaranaike)
88%
Air India/IndiGo/Qatar Airways Doha
88%
Air India/Emirates/flydubai/IndiGo Dubai (International)
88%
Air India/IndiGo/VietJet Air/Vietnam Airlines Hanoi
88%
Finnair Helsinki
88%
Air India/VietJet Air/Vietnam Airlines Ho Chi Minh City
88%
IndiGo/Turkish Airlines Istanbul
88%
Air India/IndiGo/Saudia Jeddah
88%
Ariana Afghan Airlines/Kam Air Kabul
88%
Air India/Bhutan Airlines/IndiGo/Nepal Airlines Kathmandu
88%
Air India/AirAsia X/Batik Air Malaysia/Malaysia Airlines Kuala Lumpur (International)
88%
Air India Express/Akasa Air/IndiGo Mumbai (Navi)
88%
Air India/Air India Express/Akasa Air/SpiceJet Mumbai (Shivaji)
88%
Air India/American Airlines New York (JFK)
88%
Air France/Air India Paris (Charles de Gaulle)
88%
Air India/flynas/IndiGo/Saudia Riyadh
88%
Air India/ITA Airways Rome (Fiumicino)
88%
Air India/Asiana Airlines/Korean Air Seoul (Incheon)
88%
Air India/China Eastern Airlines Shanghai (Pudong)
88%
Air India/IndiGo/Singapore Airlines Singapore
88%
Mahan Air Tehran (Imam Khomeini)
88%
Air India/All Nippon Airways/Japan Airlines Tokyo (Haneda)
88%
Japan Airlines Tokyo (Narita)
88%
LOT Polish Airlines Warsaw (Chopin)
88%
Air India/Swiss International Air Lines Zürich
88%
Turkmenistan Airlines Ashgabat
82%
IndiGo Athens
82%
Gulf Air Bahrain
82%
Air India/IndiGo Chennai
82%
Air India/United Airlines Chicago (O'Hare)
82%
Air India/Biman Bangladesh Airlines/IndiGo Dhaka
82%
Air India/Lufthansa Frankfurt
82%
Air India/Cathay Pacific/IndiGo Hong Kong
82%
Air India/Akasa Air Hyderabad
82%
Air India/Akasa Air/SpiceJet Kolkata
82%
Air India Express/IndiGo/Jazeera Airways/Kuwait Airways Kuwait City
82%
Air India/IndiGo Malé
82%
Air India/Qantas Melbourne
82%
Air India Milan (Malpensa)
82%
Air Canada Montréal (Trudeau)
82%
Air India Express/Oman Air/SalamAir Muscat
82%
Air India/United Airlines Newark
82%
Air India/IndiGo Phuket
82%
Air India Sydney
82%
Centrum Air/Uzbekistan Airways Tashkent
82%
Air India/Myanmar Airways International Yangon
82%
Armenia Airlines/Armenia Airways Yerevan
82%
Aero Nomad Airlines/TezJet Bishkek
76%
Air India Express/IndiGo Dammam
76%
Air India Kochi
76%
Aeroflot Moscow (Sheremetyevo)
76%
Lufthansa Munich
76%
Air Canada/Air India Toronto (Pearson)
76%
Air India Vancouver
76%
Iraqi Airways Basra
71%
Somon Air Dushanbe
71%
Air India/Air India Express/Alliance Air Jaipur
71%
Air Arabia/Air India Express Sharjah
71%
Air India Tel Aviv
71%
Air India Vienna
71%
Air India/Air India Express/IndiGo Amritsar
65%
Air India Copenhagen
65%
VietJet Air Da Nang
65%
IndiGo Guangzhou
65%
Air India/Air India Express/IndiGo Lucknow
65%
IndiGo Manchester
65%
Air India Manila
65%
Air Mauritius Mauritius
65%
Drukair Paro
65%
Air Cambodia Phnom Penh
65%
Air India/Air India Express/Akasa Air/SpiceJet Pune
65%
Air India/IndiGo Denpasar
59%
Belavia Minsk
59%
Air India/IndiGo Bhopal
53%
Air India Birmingham
53%
Air India/Alliance Air Chandigarh
53%
Air India/Air India Express/IndiGo Goa (Dabolim)
53%
Air India/Air India Express/Akasa Air/IndiGo Goa (Mopa)
53%
Air India/Alliance Air Indore
53%
IndiGo Kanpur
53%
IndiGo Krabi
53%
Air India San Francisco
53%
Air India/IndiGo Thiruvananthapuram
53%
Air India Nagpur
47%
Air India/Air India Express/SpiceJet Patna
47%
Air India/Air India Express Port Blair
47%
Air India Express Surat
47%
Air India/Air India Express/SpiceJet Varanasi
47%
Air India/Air India Express/IndiGo Bhubaneswar
41%
Air India/Air India Express/IndiGo/SpiceJet Guwahati
41%
Air India Express/IndiGo Madurai
41%
Air India Visakhapatnam
41%
Air India/IndiGo Coimbatore
35%
Air India Express Jodhpur
35%
Air India/Air India Express Udaipur
35%
SpiceJet Jammu
29%
Air India Raipur
29%
Air India/IndiGo Rajkot
29%
Air India Express Ranchi
29%
Air India/Air India Express/Akasa Air/SpiceJet Srinagar
29%
Air India Vadodara
29%
Air India/Alliance Air/IndiGo Dehradun
24%
Air India Express Imphal
24%
Alliance Air Jabalpur
24%
Air India/IndiGo Jaisalmer
24%
IndiGo Kannur
24%
Air India/IndiGo/SpiceJet Leh
24%
Air India Ludhiana
24%
Uzbekistan Airways Namangan
24%
Alliance Air Shimla
24%
Air India/IndiGo Aurangabad
18%
Alliance Air Bareilly
18%
Air India/IndiGo Gaya
18%
Akasa Air/Alliance Air/IndiGo/SpiceJet Gorakhpur
18%
IndiGo Gwalior
18%
IndiGo Hubli
18%
IndiGo Nashik
18%
IndiGo Tiruchirappalli
18%
Air India Express/Akasa Air/IndiGo Ayodhya
12%
Air India Bhuj
12%
IndiGo Deoghar
12%
IndiGo Durgapur
12%
Air India/Alliance Air Prayagraj
12%
SpiceJet Shillong
12%
Air India/IndiGo Vijayawada
12%
Alliance Air Ambikapur
6%
Alliance Air Bathinda
6%
IndiGo Belgaum
6%
Alliance Air Bilaspur
6%
Akasa Air/IndiGo/SpiceJet Darbhanga
6%
Alliance Air/IndiGo/SpiceJet Dharamshala
6%
Alliance Air Hisar
6%
IndiGo Itanagar
6%
IndiGo Jharsuguda
6%
IndiGo Khajuraho
6%
Alliance Air Kullu
6%
Air India Express Mangaluru
6%
IndiGo Pantnagar
6%
Air India Express/Akasa Air/SpiceJet Bagdorgra
0%
IndiGo Tirupati
0%
No matching quizzes found
Score Distribution
Percent of People with Each Score
Percentile by Number Answered
Your Score History
You have not taken this quiz since the last reset